00275 a2200109 4500001000700000040003500007100002000042240004200062245003700104362000900141440001500150148454 cEscola São Tomás de Aquino aNOVAES, Edmundo10aOra, hora! Brincadeira tem hora.lpor10aOra, hora! Brincadeira tem hora.0 a2014 1aDimensão